Los orígenes religiosos de la Revolución francesa : (Record n. 28782)

Dettagli MARC
000 -LEADER
fixed length control field 01179nam a2200313 i 4500
003 - CONTROL NUMBER IDENTIFIER
control field IT-RoINE
005 - DATE AND TIME OF LATEST TRANSACTION
control field 20200513094243.0
008 - FIXED-LENGTH DATA ELEMENTS--GENERAL INFORMATION
fixed length control field 040323s2002 sp | r ||1 ||spa d
020 ## - INTERNATIONAL STANDARD BOOK NUMBER
International Standard Book Number 847490675X
040 ## - CATALOGING SOURCE
Original cataloging agency SpMaBN
Transcribing agency SpMaBN IT-RoINE
Modifying agency IT-RoINE
041 1# - LANGUAGE CODE
Language code of text/sound track or separate title spa
Language code of original and/or intermediate translations of text eng
100 1# - MAIN ENTRY--PERSONAL NAME
Personal name Van Kley, Dale K.,
Dates associated with a name 1941-
9 (RLIN) 56657
240 14 - UNIFORM TITLE
Uniform title The religious origins of the French Revolution.
Language of a work Español
245 14 - TITLE STATEMENT
Title Los orígenes religiosos de la Revolución francesa :
Remainder of title de Calvino a la Constitución civil (1560-1791) /
Statement of responsibility, etc Dale van Kley.
260 ## - PUBLICATION, DISTRIBUTION, ETC. (IMPRINT)
Place of publication, distribution, etc Madrid :
Name of publisher, distributor, etc Encuentro,
Date of publication, distribution, etc 2003.
300 ## - PHYSICAL DESCRIPTION
Extent 558 p. ;
Dimensions 23 cm.
336 ## - CONTENT TYPE
Source rdacontent
Content type term text
337 ## - MEDIA TYPE
Source rdamedia
Media type term unmediated
338 ## - CARRIER TYPE
Source rdacarrier
Carrier type term volume
490 1# - SERIES STATEMENT
Series statement Ensayos ;
Volume number/sequential designation 186
500 ## - GENERAL NOTE
General note Traducción de: The religious origins of the French Revolution, por Carmen González del Yerro Valdés.
500 ## - GENERAL NOTE
General note Incluye índice.
504 ## - BIBLIOGRAPHY, ETC. NOTE
Bibliography, etc Incluye bibliografía.
650 #4 - SUBJECT ADDED ENTRY--TOPICAL TERM
Topical term or geographic name as entry element Iglesia y Estado
Geographic subdivision Francia
Chronological subdivision Siglo 18o.
9 (RLIN) 56658
651 #4 - SUBJECT ADDED ENTRY--GEOGRAPHIC NAME
Geographic name Francia
General subdivision Historia
Chronological subdivision 1789-1799 (Revolución)
9 (RLIN) 7182
700 1# - ADDED ENTRY--PERSONAL NAME
Personal name González del Yerro Valdés, Carmen
9 (RLIN) 56659
830 #0 - SERIES ADDED ENTRY--UNIFORM TITLE
Uniform title Ensayos (Encuentro) ;
Volume number/sequential designation 186
9 (RLIN) 1943
942 ## - ADDED ENTRY ELEMENTS (KOHA)
Item type Monografías
Dati di copia
Withdrawn status Lost status Damaged status Not for loan Home library Current library Shelving location Date acquired Total Checkouts Full call number Barcode Date last seen Price effective from Koha item type
        Iglesia Nacional Española en Roma Iglesia Nacional Española en Roma Depósito 30/01/2019   HIS.GEN 203 54624 30/01/2019 30/01/2019 Monografías